00226nam a2200097 a 4500008004100000050001600041100002000057245003300077260000900110350000900119120416s1984 xx |||||||||||||| || u aNA 9031 Hed aHedman, Richard10aFundamentals of urban design c1984 a0.00